| 000 | 01502nam a2200421 i 4500 | ||
|---|---|---|---|
| 001 | DIGFCE1865 | ||
| 003 | NyNyDIG | ||
| 006 | m o d | ||
| 007 | cr ||||||||||| | ||
| 008 | 220720s2019 mx o 000 p spa d | ||
| 035 | _a(OCoLC)1350509872 | ||
| 040 |
_aDGITA _beng _erda _epn _cDGITA |
||
| 020 |
_a9786071663054 _qeBook _qePub |
||
| 020 |
_z9786071662330 _qrústico |
||
| 050 | 1 | 4 | _aPQ7297.D315 ebook |
| 082 | 0 | 4 | _a863.64 |
| 100 | 1 |
_aDávila, Amparo, _eauthor. |
|
| 245 | 1 | 0 |
_aPoesía de ayer y de hoy / _cAmparo Dávila. |
| 250 | _aPrimera edición electrónica. | ||
| 264 | 1 |
_aMéxico, D.F. : _bFondo de Cultura Económica, _c2019. |
|
| 300 | _a1 online resource. | ||
| 336 |
_atext _btxt _2rdacontent |
||
| 337 |
_acomputer file _bc _2rdamedia |
||
| 338 |
_aonline resource _bcr _2rdacarrier |
||
| 347 |
_atext file _2rdaft |
||
| 347 | _bEPUB | ||
| 490 | 1 | _aCentzontle | |
| 588 | 0 | _aOnline resource; title from ePub title page (Digitalia, viewed July 27, 2022) | |
| 655 | 7 |
_aPoems _2lcgft |
|
| 655 | 0 | _aElectronic books. | |
| 776 | 0 | 8 |
_iPrint version: _aDávila, Amparo. _tPoesía de ayer y de hoy. _bPrimera edición. _dMéxico, D.F. : Fondo de Cultura Económica, 2019 _z9786071662330 |
| 791 | 2 |
_aDigitalia (Firm), _edistributor. |
|
| 793 | 0 |
_gDigitalia eBook Collection: _aFondo de Cultura Económica |
|
| 830 | 0 | _aCentzontle. | |
| 856 | 4 | 0 |
_3Digitalia Hispánica _uhttps://www.digitaliapublishing.com/a/98952/ |
| 910 | _aPremium collection: 2022 | ||
| 942 | _cRAA | ||
| 999 |
_c267724 _d267724 |
||